000 00892nam a22002897a 4500
001 BR9902490
003 BR-BrBNA
005 20230928100352.0
007 ta
008 230509b bl.||||| |||| 00| 0 por d
040 _aBR-BrBNA
_bpor
_cBiblioteca Nacional de Agricultura
041 _a(Por)
072 _aE14; E21
090 _ E14 BR9902490
110 1 _aSecretaria de Desenvolvimento Rural, Brasilia, DF (Brasil)
_98738
245 1 _aPRONAF - Agroindustria; integracao, agroindustrializacao e comercializacao da producao da agricultura familiar 1998-2002
260 3 _aBrasilia, DF (Brasil):
_c1998.
300 _a29 p.
500 _a10 tables
650 _aIndustria Agricola
650 _aComercializacao
650 _aAgricultura Familiar
650 _aProjeto de Desenvolvimento
650 _aProjeto Agricola
909 _a202309
_bLucia
_c55
_dLucia Elande
942 _cBK
999 _c61088
_d61088